000 004980000a22001810004500
090 _aAR
_b01093
245 1 0 _aCerro Duida region of Venezuela
650 1 4 _aGeografía
_992259
650 1 4 _aVegetación
_992799
650 1 4 _aFauna
_992594
650 1 4 _aGeología
_993001
651 4 _lCerro Duida
_dAtabapo
_pVenezuela
_992749
041 0 _aEspañol
700 1 _aHitchcock, C. B.
_994322
100 1 _aTate, G. H. H.
_994321
942 _cARTICULO
773 1 _tGeographical Review
_3399
_q31-52
_d1998?
999 _c10180
_d10180